|
|
|
|
| LEADER |
00000nam0a2200000 4500 |
| 001 |
146635 |
| 005 |
20231101221236.0 |
| 020 |
|
|
|a RU
|b 80-22544
|
| 035 |
|
|
|a (RuTPU)RU\TPU\book\158942
|
| 090 |
|
|
|a 146635
|
| 100 |
|
|
|a 19950720d1980 m y0rusy5003 ca
|
| 101 |
0 |
|
|a rus
|
| 102 |
|
|
|a RU
|
| 105 |
|
|
|a a z 000zy
|
| 200 |
1 |
|
|a Своего дела мастер. Заметки писателя
|f А. А. Аграновский
|
| 210 |
|
|
|a Москва
|c Политиздат
|d 1980
|
| 215 |
|
|
|a 41 с.
|c ил.
|d 21 см.
|
| 330 |
|
|
|a Рост мастерства, польза мастерства, необходимость мастерства — такова тема новой книги известного публициста Анатолия Аграновского. В ней говорится о встречах, беседах, спорах писателя с людьми разного возраста, разных профессий, показан опыт решения проблем эффективности и качества в СССР и других странах социализма. Эти рассказы из жизни углубляют наши представления о неиссякаемых силах советского народа и в то же время учат вдумчиво разбираться в том, что затрудняет наше движение вперед.
|
| 606 |
1 |
|
|a Советский народ
|x Политика
|2 stltpush
|3 (RuTPU)RU\TPU\subj\55415
|9 73449
|
| 610 |
1 |
|
|a очерки
|
| 610 |
1 |
|
|a мастера
|
| 610 |
1 |
|
|a профессии
|
| 610 |
1 |
|
|a кадры
|
| 610 |
1 |
|
|a образование
|
| 686 |
|
|
|a Ф3(2)110
|2 rubbk
|
| 700 |
|
1 |
|a Аграновский
|b А. А.
|g Анатолий Абрамович
|4 070
|
| 801 |
|
1 |
|a RU
|b 63413507
|c 20081031
|g PSBO
|
| 801 |
|
2 |
|a RU
|b 63413507
|c 20180601
|g PSBO
|
| 942 |
|
|
|c BK
|